Countries and Their Languages #1 - Statistics

General Stats
  • This quiz has been taken 36 times
  • The average score is 18 of 20
Answer Stats
Hint Answer % Correct
Germany German
100%
Japan Japanese
100%
Netherlands Dutch
97%
Ireland English / Irish
97%
Italy Italian
97%
Thailand Thai
97%
Hungary Hungarian
94%
Brazil Portuguese
94%
Panama Spanish
94%
Chile Spanish
94%
Sweden Swedish
94%
Uzbekistan Uzbek
91%
Laos Lao
88%
Slovenia Slovenian
85%
Bangladesh Bengali
82%
Chad French
82%
Kiribati English / Gilbertese
79%
Uganda English / Swahili
79%
Iran Persian
76%
Angola Portuguese
65%
No matching quizzes found
Score Distribution
Percent of People with Each Score
Percentile by Number Answered
Your Score History
You have not taken this quiz